000 00277nam a2200121Ia 4500
008 190216s9999||||xx |||||||||||||| ||und||
100 _aMukhi H R
245 0 _aIntroduction To Financial Management
260 _bNull
_c1978
300 _a349p
650 _aCommerce
942 _cBK
999 _c4220
_d4220